Statistics for The first 151 Pokemon

Click here to take the quiz!

General Stats

  • This quiz has been taken 758 times
  • The average score is 96 of 151

Answer Stats

HintAnswer% Correct
4Charmander
96%
6Charizard
95%
7Squirtle
95%
1Bulbasaur
94%
9Blastoise
92%
5Charmeleon
92%
2Ivysaur
92%
25Pikachu
91%
151Mew
89%
26Raichu
87%
3Venusaur
87%
8Wartortle
87%
150Mewtwo
86%
16Pidgey
86%
12Butterfree
85%
18Pidgeot
85%
10Caterpie
84%
17Pidgeotto
83%
15Beedrill
82%
11Metapod
82%
13Weedle
82%
14Kakuna
81%
19Rattata
81%
144Articuno
79%
129Magikarp
78%
145Zapdos
78%
149Dragonite
77%
74Geodude
77%
20Raticate
77%
133Eevee
76%
94Gengar
76%
146Moltres
76%
92Gastly
75%
93Haunter
75%
147Dratini
74%
63Abra
73%
148Dragonair
73%
21Spearow
73%
134Vaporeon
73%
23Ekans
72%
22Fearow
72%
136Flareon
72%
76Golem
72%
135Jolteon
72%
64Kadabra
72%
65Alakazam
71%
24Arbok
71%
75Graveler
71%
97Onix
71%
39Jigglypuff
69%
34Nidoking
69%
31Nidoqueen
69%
130Gyarados
68%
143Snorlax
68%
59Arcanine
67%
37Vulpix
67%
68Machamp
66%
30Nidorina
66%
33Nidorino
66%
44Gloom
65%
58Growlithe
65%
66Machop
65%
126Magmar
65%
43Oddish
65%
77Ponyta
65%
124Jynx
64%
67Machoke
64%
78Rapidash
64%
121Starmie
64%
120Staryu
64%
50Diglett
63%
51Dugtrio
63%
131Lapras
63%
41Zubat
63%
35Clefairy
62%
118Goldeen
62%
106Hitmonlee
62%
100Voltorb
62%
40Wigglytuff
62%
42Golbat
61%
107Hitmonchan
61%
69Bellsprout
60%
125Electabuzz
60%
140Kabuto
60%
52Meowth
60%
89Muk
60%
109Koffing
59%
53Persian
59%
45Vileplume
59%
110Weezing
59%
36Clefable
58%
101Electrode
58%
38Ninetails
58%
54Psyduck
58%
123Scyther
58%
119Seaking
58%
141Kabutops
57%
81Magnemite
57%
128Tauros
57%
82Magneton
56%
72Tentacool
56%
70Weepinbell
56%
113Chansey
55%
55Golduck
55%
56Mankey
55%
142Aerodactyl
54%
84Doduo
54%
88Grimer
54%
27Sandshrew
54%
28Sandslash
54%
73Tentacruel
54%
71Victreebel
54%
132Ditto
53%
96Hypno
52%
32NidoranM
52%
61Poliwhirl
52%
29NidoranF
51%
60Poliwag
51%
62Poliwrath
51%
57Primeape
51%
112Rhydon
51%
111Rhyhorn
51%
86Seel
51%
85Dodrio
50%
83Farfetch'd
50%
115Kangaskhan
50%
46Paras
50%
104Cubone
49%
87Dewgong
49%
95Drowzee
49%
116Horsea
49%
117Seadra
49%
49Venomoth
49%
48Venonat
49%
138Omanyte
48%
139Omastar
48%
47Parasect
48%
127Pinsir
48%
79Slowpoke
48%
137Porygon
47%
105Marowak
46%
80Slowbro
46%
98Krabby
45%
91Cloyster
44%
102Exeggcute
44%
103Exeggutor
44%
90Shellder
43%
114Tangela
43%
99Kingler
41%
108Lickitung
39%
122M.Mime
17%

Score Distribution

Percentile by Number Answered

Percent of People with Each Score

Your Score History

You have not taken this quiz